ELECTRIC MOTOR TEST AND REPAIR (Record no. 583323)

000 -LEADER
fixed length control field 00265nam a22001217a 4500
082 ## - DEWEY DECIMAL CLASSIFICATION NUMBER
Classification number 621.462 BEA'E
100 ## - MAIN ENTRY--PERSONAL NAME
Personal name BEATER, JACK
9 (RLIN) 78160
245 ## - TITLE STATEMENT
Title ELECTRIC MOTOR TEST AND REPAIR
250 ## - EDITION STATEMENT
Edition statement 2ND
260 ## - PUBLICATION, DISTRIBUTION, ETC.
Place of publication, distribution, etc. NEWYORK
Name of publisher, distributor, etc. TAB
Date of publication, distribution, etc. 1966
300 ## - PHYSICAL DESCRIPTION
Extent 160P
942 ## - ADDED ENTRY ELEMENTS (KOHA)
Koha item type Book
Holdings
Withdrawn status Lost status Damaged status Not for loan Permanent Location Current Location Shelving location Date acquired Total Checkouts Full call number Barcode Date last seen Price effective from Koha item type
        College of Electrical & Mechanical Engineering (CEME) College of Electrical & Mechanical Engineering (CEME) General Stacks 06/14/2017   621.462 BEA'E CEME-8409 06/28/2021 06/28/2021 Book
© 2023 Central Library, National University of Sciences and Technology. All Rights Reserved.